Ethics: (Record no. 192366)

MARC details
000 -LEADER
fixed length control field 00717nam a22002297a 4500
005 - DATE AND TIME OF LATEST TRANSACTION
control field 20220920115358.0
010 ## - LCCN (DPL NO)
LC control number ENG-135134
020 ## - INTERNATIONAL STANDARD BOOK NUMBER
International Standard Book Number 9789381037003
Terms of availability 150.00
035 ## - SYSTEM CONTROL NUMBER
System control number EN-118666
037 ## - SOURCE OF ACQUISITION
Source of stock number/acquisition DBAD / PUB
082 ## - DEWEY DECIMAL CLASSIFICATION NUMBER
Classification number 170
245 ## - TITLE STATEMENT
Title Ethics:
Remainder of title Classical And Contemporary Issues/
Statement of responsibility, etc Edited By Priyambada Sarkar ...[et.al]
260 ## - PUBLICATION, DISTRIBUTION, ETC. (IMPRINT)
Place of publication, distribution, etc Kolkata
Name of publisher, distributor, etc Department Of Philosophy University Of Calcutta
Date of publication, distribution, etc 2010
270 ## - ADDRESS
City Kolkata
300 ## - PHYSICAL DESCRIPTION
Extent 140p.
Dimensions 22cm(hb).
Other physical details Bibliography, References
700 ## - ADDED ENTRY--PERSONAL NAME
Personal name Sarkar, Priyambada
700 ## - ADDED ENTRY--PERSONAL NAME
Personal name Chanda, Nini
700 ## - ADDED ENTRY--PERSONAL NAME
Personal name Banerjee, Aparna
700 ## - ADDED ENTRY--PERSONAL NAME
Personal name Chatterjee, Krishna
700 ## - ADDED ENTRY--PERSONAL NAME
Personal name Bhattacharyya, Shyamasree
942 ## - ADDED ENTRY ELEMENTS (KOHA)
Source of classification or shelving scheme Dewey Decimal Classification
Item type English Books
Call number suffix SAR
Classification part 170
Holdings
Withdrawn status Lost status Not for loan Collection code Home library Current library Date acquired Source of acquisition Cost, normal purchase price Full call number Barcode Copy number Cost, replacement price Koha item type
      Non-fiction Bawana Bawana 20/09/2022 DBAD/PUB 150.00 170 SAR EN-118666 1 150.00 English Books

© Delhi Public Library
Hit Counter
free hit counter